Statistics for Biggest Cities in Former Yugoslavia

Click here to take the quiz!

General Stats

  • This quiz has been taken 1,579 times
  • The average score is 13 of 20

Answer Stats

Population City % Correct
790,107Zagreb
98%
1,166,763Belgrade
98%
438,443Sarajevo
96%
506,926Skopje
91%
274,826Ljubljana
88%
178,102Split
85%
198,897Priština
84%
136,473Podgorica
83%
250,439Novi Sad
82%
183,164Niš
71%
199,191Banja Luka
67%
128,624Rijeka
63%
113,169Mostar
62%
108,048Osijek
53%
150,835Kragujevac
48%
120,441Tuzla
48%
97,910Subotica
46%
115,134Zenica
35%
177,781Prizren
28%
114,663Bijeljina
16%

Score Distribution

Percentile by Number Answered

Percent of People with Each Score

Your Score History

You have not taken this quiz